000 00642nac a22001811u 4500
020 _a812192460x
082 _a005.13
_bS9585
090 _c475
_d475
100 _aC., Sunil B.
245 _aIntroduction to data structures using C/
_cSunil B. C.
250 _a1st ed.
260 _aNew Delhi:
_bS. Chand & company LTD.,
_c2005
300 _a326 p.:
_bIll.;
_c27 Cm.
500 _aIncludes index
650 _aC (Computer program language)
942 _cBB
_k005.13S9585
999 _c475
_d475